Central Library OPAC University of Rajshahi

Droll stories : (Record no. 22881)

MARC details
000 -LEADER
fixed length control field 01104cam a22003011 4500
001 - CONTROL NUMBER
control field 22881
003 - CONTROL NUMBER IDENTIFIER
rucl marc code BD-RjUL
005 - DATE AND TIME OF LATEST TRANSACTION
control field 20211209000851.0
008 - FIXED-LENGTH DATA ELEMENTS--GENERAL INFORMATION
fixed length control field 140309t1967 enka 000 1 eng
035 ## - SYSTEM CONTROL NUMBER
System control number (BD-RjUL)22946
System control number (OCoLC)6261018
040 ## - CATALOGING SOURCE
Original cataloging agency DLC
Transcribing agency PCvA
Modifying agency OCoLC
-- DLC
-- BD-RjUL
Language of cataloging eng
041 1# - LANGUAGE CODE
Language code of text/sound track or separate title eng
Language code of original und
082 04 - DEWEY DECIMAL CLASSIFICATION NUMBER
Classification number 843
Author mark and year BAD 1967
100 1# - MAIN ENTRY--PERSONAL NAME
Personal name Balzac, Honoré de,
Dates associated with a name 1799-1850.
9 (RLIN) 70558
245 10 - TITLE STATEMENT
Title Droll stories :
Remainder of title collected in the monasteries of Touraine and given to the light /
Statement of responsibility, etc. Translated into modern English by Alec Brown. With engravings by Gustave Doré.
Number of part/section of a work Volume-1
260 ## - PUBLICATION, DISTRIBUTION, ETC. (IMPRINT)
Place of publication, distribution, etc. London :
Name of publisher, distributor, etc. Arrow books,
Date of publication, distribution, etc. 1967.
300 ## - PHYSICAL DESCRIPTION
Pagination V-1 (254 p.) ;
Size 18 cm.
490 1# - SERIES STATEMENT
Series statement Masterpieces of world literature,
Volume/sequential designation 2
650 1# - SUBJECT ADDED ENTRY--TOPICAL TERM
Topical term or geographic name as entry element Short stories in French, 1815-1848 - English texts
9 (RLIN) 69366
700 1# - ADDED ENTRY--PERSONAL NAME
Personal name Brown, Alec,
Dates associated with a name 1900-1962,
Relator term tr.
Personal name Doré, Gustave,
Dates associated with a name 1832-1883,
Relator term illus.
830 #0 - SERIES ADDED ENTRY--UNIFORM TITLE
Volume number/sequential designation 2.
830 #0 - SERIES ADDED ENTRY--UNIFORM TITLE
Uniform title Masterpieces of world literature (London, England) ;
942 ## - ADDED ENTRY ELEMENTS (KOHA)
Source of classification or shelving scheme Dewey Decimal Classification
Koha item type Books
Holdings
Lost status Source of classification or shelving scheme Damaged status Not for loan Collection code Permanent Location Current Location Shelving location Date acquired Source of acquisition Total Checkouts Full call number Date last seen Copy number Koha item type
  Dewey Decimal Classification   Added to bundle Fiction Central Library, University of Rajshahi Central Library, University of Rajshahi Reading Room 29/10/1990 Shaukat Osman dacca   843 BAD V-1 1967 09/03/2014 C-1 Books